000 00483nam a2200169Ia 4500
008 240729s9999 xx 000 0 und d
022 _a2162-8807
245 0 _aLeprosy Review
260 _aUnited Kingdom
260 _bLEPRA (The British Leprosy Relief Association)
650 _a Infectious and parasitic diseases
650 _a Internal medicine
650 _aMedicine
856 _uhttps://doaj.org/toc/d916dcc748f7432d974f7aec8fd6de34
942 _2ddc
942 _cDOAJEJ
999 _c72071
_d72071
945 _a1
_bMadushi Gamage
_c1
_dMadushi Gamage